| 000 | 00394nam a22001217a 4500 | ||
|---|---|---|---|
| 020 | _a9788172338763 | ||
| 082 |
_a630.75 _bARY/OB |
||
| 100 |
_aArya, R.L _aJanardhan Kumar _9744 |
||
| 245 | _aIndira's Objective Agronomy:(Multiple choice questipons( MCQ's) for competitive examinations of Agriculture and Agronomy) | ||
| 260 |
_aJodhpur _bScientific Publishers _c2014 |
||
| 300 | _a690 | ||
| 942 | _cBK | ||
| 999 |
_c14194 _d14194 |
||